[Event "NED-ch U16/18 Girls"]
[Site "Almelo"]
[Date "2022.05.01"]
[Round "1"]
[White "Jonkman, Amelia"]
[Black "Van Essen, Marieke"]
[Result "0-1"]
[WhiteElo "1552"]
[BlackElo "1728"]
[PlyCount "60"]
[EventDate "2022.05.01"]
[EventType "swiss"]
[EventRounds "9"]
[EventCountry "NED"]
[SourceTitle "EXT 2023"]
[Source "ChessBase"]
[SourceDate "2022.10.05"]
[SourceVersion "1"]
[SourceVersionDate "2022.10.05"]
[SourceQuality "1"]

1. d4 Nf6 2. c4 c5 3. Nf3 g6 4. Nc3 cxd4 5. Nxd4 Bg7 6. Bf4 d6 7. Bg3 0-0 8. e3 Nc6 9. Bd3 Nh5 10. Bc2 Nxd4 11. exd4 Nxg3 12. hxg3 Qb6 13. Rb1 Qxd4 14. Qxd4 Bxd4 15. Nb5 Bg7 16. 0-0 Bd7 17. Rfe1 Bxb5 18. cxb5 e6 19. b3 Rac8 20. Rec1 b6 21. Kf1 d5 22. f4 Rc3 23. g4 Rfc8 24. Rd1 Rxc2 25. a3 Ra2 26. a4 Rcc2 27. g3 Rf2+ 28. Kg1 Rg2+ 29. Kf1 Raf2+ 30. Ke1 Bc3+ 0-1

[Event "NED-ch U16 Girls"]
[Site "Assen"]
[Date "2018.05.02"]
[Round "4"]
[White "Van Essen, Marieke"]
[Black "Cordes, Jule Johanne"]
[Result "1-0"]
[WhiteElo "1282"]
[BlackElo "1551"]
[PlyCount "93"]
[EventDate "2018.04.29"]
[EventType "swiss"]
[EventRounds "7"]
[EventCountry "NED"]
[SourceTitle "CBM 184 Extra"]
[Source "ChessBase"]
[SourceDate "2018.06.28"]
[SourceVersion "1"]
[SourceVersionDate "2018.06.28"]
[SourceQuality "1"]

1. e4 e5 2. Nf3 Nc6 3. Bc4 Bc5 4. Nc3 d6 5. h3 Be6 6. Bb3 Nf6 7. d3 Qd7 8. Be3 Bxe3 9. fxe3 0-0-0 10. Nd5 Ne7 11. c4 Rdg8 12. Ba4 Qd8 13. Qb3 c6 14. Nxe7+ Qxe7 15. Qa3 a5 16. Nxe5 Bxh3 17. Nxc6 bxc6 18. gxh3 Qc7 19. 0-0-0 Kd7 20. Qc3 Qb6 21. Qd4 Kc7 22. e5 Qxd4 23. exd4 Nd7 24. exd6+ Kxd6 25. Rde1 f6 26. c5+ Kc7 27. Re6 Nb8 28. Re7+ Kc8 29. Bb3 Rd8 30. Be6+ Nd7 31. Rxg7 h5 32. Rf1 Rh6 33. Rf7 Kc7 34. Rf5 h4 35. Kc2 Rg6 36. Rh5 Rg2+ 37. Kc3 Re2 38. Bg4 Re1 39. Rxh4 Rf1 40. Rhh7 f5 41. Bxf5 Rxf5 42. Rxf5 Kc8 43. Rff7 Kc7 44. h4 Kc8 45. h5 Kc7 46. h6 Kc8 47. Rxd7 1-0

[Event "NED-ch U14 Girls"]
[Site "Assen"]
[Date "2017.04.28"]
[Round "8"]
[White "Van Essen, Marieke"]
[Black "Stevanovic, Alexandra"]
[Result "1-0"]
[WhiteElo "821"]
[BlackElo "839"]
[PlyCount "77"]
[EventDate "2017.04.23"]
[EventType "swiss"]
[EventRounds "9"]
[EventCountry "NED"]
[SourceTitle "CBM 178 Extra"]
[Source "ChessBase"]
[SourceDate "2017.06.22"]
[SourceVersion "1"]
[SourceVersionDate "2017.06.22"]
[SourceQuality "1"]

1. e4 e5 2. Nf3 Nc6 3. Bb5 Bd6 4. d3 a6 5. Bc4 Nf6 6. Bg5 0-0 7. Nc3 Be7 8. 0-0 d6 9. h3 Be6 10. Bb3 h6 11. Bh4 Nh7 12. Bg3 a5 13. d4 exd4 14. Nxd4 Nxd4 15. Qxd4 Bf6 16. Qd3 Bh4 17. Nb5 a4 18. Bxh4 Qxh4 19. Bxe6 fxe6 20. Nxc7 Rac8 21. Qxd6 Qd8 22. Qxe6+ Rf7 23. Nb5 Qe8 24. Qxe8+ Rxe8 25. Nd6 Re5 26. Nxf7 Kxf7 27. Rfe1 Ng5 28. f3 Rc5 29. Rac1 Rb5 30. b3 a3 31. Rcd1 b6 32. Rd5 Rxd5 33. exd5 Nh7 34. c4 g6 35. b4 Nf6 36. d6 g5 37. c5 bxc5 38. bxc5 h5 39. c6 1-0

[Event "NED-ch U14 Girls"]
[Site "Assen"]
[Date "2017.04.26"]
[Round "5"]
[White "Van Essen, Marieke"]
[Black "Boghossian, Linet"]
[Result "0-1"]
[WhiteElo "821"]
[BlackElo "1288"]
[PlyCount "106"]
[EventDate "2017.04.23"]
[EventType "swiss"]
[EventRounds "9"]
[EventCountry "NED"]
[SourceTitle "CBM 178 Extra"]
[Source "ChessBase"]
[SourceDate "2017.06.22"]
[SourceVersion "1"]
[SourceVersionDate "2017.06.22"]
[SourceQuality "1"]

1. e4 e5 2. Nf3 Nc6 3. Bc4 Bc5 4. d3 h6 5. 0-0 Nf6 6. h3 d6 7. Re1 0-0 8. Nc3 Be6 9. Na4 Bb6 10. b3 Na5 11. c3 Bd7 12. b4 Nxc4 13. dxc4 Bxa4 14. Qxa4 Qd7 15. Qxd7 Nxd7 16. Rd1 Nf6 17. Re1 a5 18. a4 Ra7 19. Be3 Bxe3 20. Rxe3 Rfa8 21. b5 Nd7 22. Nd2 Rf8 23. Nb3 f5 24. g3 fxe4 25. Rxe4 Rf3 26. Re3 Rxe3 27. fxe3 b6 28. Rf1 Nf6 29. Nd2 d5 30. Rf5 dxc4 31. Rxe5 Ra8 32. Nxc4 Kf8 33. Nd2 Rd8 34. Ne4 Rd3 35. Rf5 Kf7 36. Nxf6 gxf6 37. Kf2 Rxc3 38. Rf4 Rc5 39. Ke2 Ke6 40. Kd3 c6 41. Rc4 Rd5+ 42. Rd4 cxb5 43. Rxd5 Kxd5 44. axb5 Kc5 45. Kc3 Kxb5 46. Kb3 Kc5 47. g4 Kd5 48. h4 Ke4 49. g5 fxg5 50. hxg5 hxg5 51. Kc4 g4 52. Kb5 g3 53. Kxb6 a4 0-1

[Event "NED-ch U14 Girls"]
[Site "Assen"]
[Date "2017.04.24"]
[Round "3"]
[White "Van Essen, Marieke"]
[Black "Rijken, Heidi"]
[Result "1-0"]
[WhiteElo "821"]
[BlackElo "1035"]
[PlyCount "109"]
[EventDate "2017.04.23"]
[EventType "swiss"]
[EventRounds "9"]
[EventCountry "NED"]
[SourceTitle "CBM 178 Extra"]
[Source "ChessBase"]
[SourceDate "2017.06.22"]
[SourceVersion "1"]
[SourceVersionDate "2017.06.22"]
[SourceQuality "1"]

1. e4 d5 2. exd5 Qxd5 3. Nc3 Qa5 4. Nf3 Nf6 5. Bc4 Bf5 6. Nh4 Bg6 7. Qf3 c6 8. Qh3 Qc7 9. Nxg6 fxg6 10. d3 Qe5+ 11. Qe3 Qxe3+ 12. Bxe3 Nbd7 13. 0-0 h6 14. Rae1 e5 15. Bf4 0-0-0 16. Bxe5 Nxe5 17. Rxe5 Bd6 18. Re6 g5 19. g3 h5 20. Ne4 Nxe4 21. dxe4 Rhe8 22. Rd1 Bc5 23. Rxd8+ Rxd8 24. Re5 Bb6 25. Rxg5 Rd2 26. Bd3 Rxf2 27. Kh1 Bd4 28. b3 Rd2 29. a4 Rd1+ 30. Kg2 Rd2+ 31. Kh3 Bg1 32. Rxh5 Rxh2+ 33. Kg4 Rxh5 34. Kxh5 Bd4 35. Kg5 Kd7 36. Kf5 Ke7 37. Bc4 b6 38. e5 c5 39. e6 Bc3 40. Ke4 Bf6 41. Kd5 Ke8 42. Kc6 Bd8 43. Kb7 a5 44. Kc6 Ke7 45. Kd5 Bc7 46. g4 Bd8 47. Ke5 g6 48. Bd3 g5 49. Bc4 Kf8 50. Kd6 Ke8 51. Bb5+ Kf8 52. Kd7 Be7 53. Kc7 Bf6 54. Kxb6 Ke7 55. Bc4 1-0